[Event "Blankenese op 3rd"]
[Site "Hamburg"]
[Date "2019.10.04"]
[Round "3"]
[White "Topalov, Mihail"]
[Black "Urban, Ralf Dieter"]
[Result "1-0"]
[WhiteElo "1925"]
[BlackElo "1950"]
[PlyCount "73"]
[EventDate "2019.10.03"]
[EventType "swiss"]
[EventRounds "7"]
[EventCountry "GER"]
[SourceTitle "EXT 2023"]
[Source "ChessBase"]
[SourceDate "2022.10.05"]
[SourceVersion "1"]
[SourceVersionDate "2022.10.05"]
[SourceQuality "1"]

1. e4 e5 2. Nf3 Nc6 3. Bb5 a6 4. Ba4 Nf6 5. 0-0 Be7 6. Re1 b5 7. Bb3 0-0 8. d3 d6 9. c3 Na5 10. Bc2 c5 11. Nbd2 Bb7 12. Nf1 Re8 13. Ng3 Nc6 14. Nf5 Bf8 15. Bg5 h6 16. Bh4 g6 17. Ne3 Be7 18. a4 Nd7 19. Bxe7 Nxe7 20. Ng4 Kg7 21. d4 h5 22. Ne3 Qc7 23. d5 c4 24. Nh4 Nc5 25. g4 hxg4 26. Qxg4 Bc8 27. Qg3 Bd7 28. f4 Rh8 29. f5 Rag8 30. Rf1 g5 31. f6+ Kh7 32. Kh1 Ng6 33. Nxg6 Rxg6 34. Nf5 Rxf6 35. Qxg5 Rg6 36. Qe7 Rhg8 37. Qxf7+ 1-0

[Event "Blankenese op 2nd"]
[Site "Hamburg"]
[Date "2018.09.29"]
[Round "2.9"]
[White "Topalov, Mihail"]
[Black "Kardoeus, David"]
[Result "0-1"]
[WhiteElo "1936"]
[BlackElo "2169"]
[PlyCount "90"]
[EventDate "2018.09.29"]
[EventType "swiss"]
[EventRounds "7"]
[EventCountry "GER"]
[SourceTitle "EXT 2020"]
[Source "ChessBase"]
[SourceDate "2019.10.17"]
[SourceVersion "1"]
[SourceVersionDate "2019.10.17"]
[SourceQuality "1"]

1. e4 c5 2. Nf3 Nc6 3. d4 cxd4 4. Nxd4 Nf6 5. Nc3 e5 6. Ndb5 d6 7. Bg5 a6 8. Na3 b5 9. Bxf6 gxf6 10. Nd5 Bg7 11. c3 0-0 12. Nc2 f5 13. exf5 Bxf5 14. Nce3 Be6 15. Bd3 f5 16. Qh5 e4 17. Bc2 Ra7 18. Nf4 Bc4 19. Nxf5 Qf6 20. g4 Qe5 21. Qg5 Nb4 22. 0-0-0 Nxa2+ 23. Kb1 b4 24. Nh5 b3 25. Nhxg7 bxc2+ 26. Kxc2 Bd3+ 27. Kd2 Rxg7 28. Qxg7+ Qxg7 29. Nxg7 Rxf2+ 30. Ke3 Re2+ 31. Kd4 Kxg7 32. b3 Rc2 33. c4 Kf6 34. h4 Ke6 35. Rhe1 Nb4 36. h5 Rg2 37. Rg1 Re2 38. Kc3 a5 39. Rd2 Na2+ 40. Rxa2 Rxa2 41. g5 Ke5 42. b4 Ra3+ 43. Kb2 axb4 44. g6 hxg6 45. Rxg6 Bxc4 0-1

[Event "Blankenese op 1st"]
[Site "Hamburg"]
[Date "2017.10.03"]
[Round "6.18"]
[White "Jarnuczak, Detlev"]
[Black "Topalov, Mihail"]
[Result "0-1"]
[WhiteElo "1962"]
[BlackElo "1856"]
[PlyCount "48"]
[EventDate "2017.09.30"]
[EventType "swiss"]
[EventRounds "7"]
[EventCountry "GER"]
[SourceTitle "EXT 2020"]
[Source "ChessBase"]
[SourceDate "2019.10.17"]
[SourceVersion "1"]
[SourceVersionDate "2019.10.17"]
[SourceQuality "1"]

1. Nf3 Nf6 2. c4 g6 3. Nc3 d5 4. d4 Bg7 5. e3 0-0 6. Qb3 dxc4 7. Bxc4 Nc6 8. Qd1 a6 9. Bd2 b5 10. Bb3 Bb7 11. Rc1 Na5 12. Bc2 Nc4 13. b3 Nxd2 14. Qxd2 Qd6 15. h3 c5 16. Ne2 cxd4 17. Nexd4 Rfd8 18. Qa5 Rac8 19. Rd1 Rxc2 20. 0-0 Rcc8 21. Ne6 Qxd1 22. Rxd1 Rxd1+ 23. Kh2 fxe6 24. Qb6 Bc6 0-1

[Event "Lueneburg op-A"]
[Site "Lueneburg"]
[Date "2017.07.11"]
[Round "4"]
[White "Kiesel, Harald"]
[Black "Topalov, Mihail"]
[Result "1-0"]
[WhiteElo "2090"]
[BlackElo "1938"]
[PlyCount "163"]
[EventDate "2017.07.08"]
[EventType "swiss"]
[EventRounds "9"]
[EventCountry "GER"]
[SourceTitle "CBM 179 Extra"]
[Source "ChessBase"]
[SourceDate "2017.08.23"]
[SourceVersion "1"]
[SourceVersionDate "2017.08.23"]
[SourceQuality "1"]

1. e4 c5 2. Nf3 e6 3. c3 Nf6 4. e5 Nd5 5. d4 cxd4 6. cxd4 d6 7. a3 Bd7 8. Bd3 Be7 9. 0-0 Bc6 10. Re1 0-0 11. Nc3 Nd7 12. Bd2 Re8 13. Rc1 Qb6 14. Na4 Qd8 15. b4 a6 16. Nb2 dxe5 17. dxe5 Nf8 18. Nd4 Bd7 19. Nc4 Nb6 20. Nxb6 Qxb6 21. Be3 Qd8 22. Be4 Rb8 23. Nb3 Ba4 24. Qxd8 Rexd8 25. Nc5 Bxc5 26. Bxc5 Rd7 27. Bd6 Rbd8 28. Re3 Ng6 29. g3 Ne7 30. Rec3 Nc6 31. f4 h5 32. Kf2 f6 33. Bg6 h4 34. gxh4 fxe5 35. fxe5 Nd4 36. Rc7 Bc6 37. Rxd7 Rxd7 38. a4 Rd8 39. Ke3 Nf5+ 40. Bxf5 exf5 41. a5 Kf7 42. Kf4 g6 43. h5 gxh5 44. Kxf5 Bd7+ 45. Kg5 Rg8+ 46. Kxh5 Ke6 47. Kh4 Bc6 48. Rf1 Rh8+ 49. Kg3 Rg8+ 50. Kf4 Rg7 51. Ke3 Rh7 52. Rf2 Rh3+ 53. Kd4 Rh6 54. Kc5 Bh1 55. Kb6 Bd5 56. Rc2 Rh7 57. Rc7 Rxc7 58. Kxc7 Bf3 59. h4 Kf7 60. Kd8 Bg4 61. Kc7 Bf3 62. Kb6 Ke6 63. b5 axb5 64. Kxb5 Kd7 65. Kb6 Kc8 66. e6 Bg4 67. e7 Bh5 68. Bb4 Bg6 69. Kc5 Kd7 70. Kd5 Ke8 71. Ke6 Bh5 72. Kf6 Bf3 73. Kg6 Be4+ 74. Kg5 Kf7 75. h5 Bc6 76. h6 Kg8 77. Kg6 Be8+ 78. Kf6 Kh7 79. Bd2 Kg8 80. Ke6 Bc6 81. h7+ Kxh7 82. Kf7 1-0

[Event "Kiel op-A 29th"]
[Site "Kiel"]
[Date "2016.08.03"]
[Round "7"]
[White "Topalov, Mihail"]
[Black "Haffner, Alexander"]
[Result "0-1"]
[WhiteElo "1927"]
[BlackElo "2118"]
[PlyCount "94"]
[EventDate "2016.07.30"]
[EventType "swiss"]
[EventRounds "9"]
[EventCountry "GER"]
[SourceTitle "CBM 173 Extra"]
[Source "ChessBase"]
[SourceDate "2016.08.29"]
[SourceVersion "1"]
[SourceVersionDate "2016.08.29"]
[SourceQuality "1"]

1. e4 g6 2. d4 Bg7 3. Be3 d6 4. Nc3 c6 5. Nf3 b5 6. Qd2 a6 7. h3 Nd7 8. Bd3 Bb7 9. a4 Rc8 10. 0-0 e5 11. axb5 cxb5 12. d5 Ngf6 13. Ne2 0-0 14. Ng3 Nb6 15. b3 Nfd7 16. Rfc1 Nc5 17. Bf1 Nbd7 18. Qb4 f5 19. Bg5 Qe8 20. exf5 gxf5 21. Rab1 Bxd5 22. Nh4 Be6 23. c4 f4 24. Ne2 bxc4 25. bxc4 h6 26. Bxf4 exf4 27. Qd2 Ne4 28. Qd3 Ndc5 29. Qd1 Qh5 30. Nf3 Bxh3 31. Ned4 Bg4 32. Be2 Rce8 33. Qc2 Bxd4 34. Nxd4 Bxe2 35. Nxe2 f3 36. gxf3 Qxf3 37. Ng3 Qxf2+ 38. Qxf2 Nxf2 39. Rc2 Nh3+ 40. Kg2 Nf4+ 41. Kh2 h5 42. Rb6 h4 43. Nh1 Rf6 44. Nf2 Rg6 45. Nh3 Nfd3 46. Rd2 Ne5 47. Ng1 Nxc4 0-1

[Event "Hamburg St Pauli op-A"]
[Site "Hamburg"]
[Date "2015.07.21"]
[Round "5"]
[White "Porth, Hartmut"]
[Black "Topalov, Mihail"]
[Result "1-0"]
[WhiteElo "2068"]
[BlackElo "1958"]
[PlyCount "91"]
[EventDate "2015.07.18"]
[EventType "swiss"]
[EventRounds "9"]
[EventCountry "GER"]
[SourceTitle "EXT 2016"]
[Source "ChessBase"]
[SourceDate "2015.10.08"]
[SourceVersion "1"]
[SourceVersionDate "2015.10.08"]
[SourceQuality "1"]

1. e4 c5 2. d3 Nc6 3. f4 e6 4. Nf3 d5 5. c3 Nf6 6. e5 Nd7 7. g3 h5 8. Bg2 Ne7 9. Be3 Nf5 10. Bf2 Be7 11. Na3 b6 12. Nc2 Bb7 13. h3 g6 14. Ne3 Nxe3 15. Bxe3 Kf8 16. Qd2 Kg7 17. 0-0-0 Qc7 18. Kb1 a5 19. g4 hxg4 20. hxg4 Rxh1 21. Rxh1 Rh8 22. Qe1 Qb8 23. f5 Nxe5 24. Nxe5 Rxh1 25. Bxh1 exf5 26. gxf5 Qc7 27. fxg6 fxg6 28. d4 Qd6 29. Qf2 Qe6 30. Bg2 Bf6 31. Qf4 g5 32. Qg4 Bc8 33. Qxe6 Bxe6 34. Bf3 Bxe5 35. dxe5 g4 36. Bg2 Kg6 37. Bf4 Kf5 38. Bg3 b5 39. Kc2 d4 40. cxd4 cxd4 41. Kd3 Bxa2 42. Kxd4 Bc4 43. Bd5 Be2 44. Kc5 b4 45. Bc4 Bf3 46. Kb5 1-0